000 02567nam a22001697a 4500
020 _axxx9665781154
041 _aeng
080 _a81
090 _bМЕД
100 _aМедведєва Л., Холден Н.
245 _aАнгло український словник. Мовленнєві ідіоми, вигуки, звуконаслідування
260 _aКиїв
_bДніпро
_c2003
300 _a536
520 _aСловник містить понад 4000 англійських прагматичних (мовленнєвих) ідіом та вигуків, які виражають різноманітні наміри мовця подяку, вибачення, поздоровлення, привітання, згоду, прохання, передають різні емоції, що досить часто супруводжують висловлювання захоплення, невдоволення, роздратування, здивування тощо, а також виконують комунікативно-організуючу і текстоорганізуючу роль. Крім того, Словник містить звуконаслідувальні слова та вирази, перш за все ті, що передають у мовленні звуки тварин та звертання до них людей. Після кожного граматичного утворення наведено його український відповідник, даються необхідні пояснення щодо особливостейїх вживання. Переважна більшість утворень проілюстрована прикладами їх вживання у мовленні. Словник також містить індекси груп прагматичних ідіом подібної комунікативної семантики, звуконаслідувань та заголовних виразів. Словник призначається для перекладачів, студентів, аспірантів, науковців, учителів, учнів та всіх, хто вивчає англійську мову. Він може бути також корисним носіям англійської мови, які вивчають українську, зокрема в українській діаспорі.
_0словник, ідіоми, вигук
650 _aVocabulary
999 _c284337
_d284337
942 _cBK